| 000 | 00453nam a22001697a 4500 | ||
|---|---|---|---|
| 999 |
_c532213 _d532213 |
||
| 003 | NUST | ||
| 005 | 20191113115421.0 | ||
| 008 | 191113b ||||| |||| 00| 0 eng d | ||
| 020 | _a0071450874 | ||
| 024 | _a978-0071450874 | ||
| 038 | _aMSOHAIL | ||
| 082 | _a0 | ||
| 100 |
_aGary R. Hearkens _925587 |
||
| 245 |
_aProject Management: _b 24 Lessons to Help You Master Any Project |
||
| 260 |
_aN.York _bMcGraw-Hill Education _cc2007 |
||
| 942 |
_2ddc _cBK |
||